| 000 | 00711nam a2200157 4500 | ||
|---|---|---|---|
| 001 | 124017 | ||
| 003 | ES-MaACL | ||
| 005 | 20230906192310.0 | ||
| 007 | t| | ||
| 008 | 070214s1973 sp r ||||1| spa d | ||
| 100 | 1 |
_aRamo Latorre, Mariano. _995199 |
|
| 245 | 1 | 0 |
_aMensaje de amor y de redención _b: el siervo de Dios P. Luis Amigó Ferrer, religioso capuchino, fundador de la Religiosas Terciarias Capuchinas de la Sagrada Familia y de los Terciarios Capuchinos de Nuestra Señora de los Dolores, Obispo de Solsona y de Segorbe / _cP. Mariano Ramo Latorre. |
| 260 |
_aValencia : _b[s. n.], _c1973 ( _fImp. J. Domenech) |
||
| 300 |
_a334 p., 1 lám. : _bil. ; _c22 cm. |
||
| 852 |
_aES-MaACL _jC-53925 _bR.86649 |
||
| 999 |
_c124017 _d124017 |
||